000 00387nam a2200145Ia 4500
008 210210b1988 xxu||||| |||| 00| 0 eng d
020 _a5 01 001107 7
082 _a320.532 MEZP
100 _aMEZHENKOV (Vladimir) and SKELLY (Eva).
245 _aPerestroika in action.
260 _aMoscow
_bProgress Publishers
_c1988
300 _a453
690 _aPolitical Thought
906 _a042476
999 _c92396
_d92396